Proceedings of the International congress of plant physiology. New Delhi. Feb 15-20 1988. V 2 (Record no. 40261)

MARC details
000 -LEADER
fixed length control field 00719nam a2200229Ia 4500
082 ## - DEWEY DECIMAL CLASSIFICATION NUMBER
Classification number 581.1:061.3(540)1988
Item number PRO.2;1
245 #0 - TITLE STATEMENT
Title Proceedings of the International congress of plant physiology. New Delhi. Feb 15-20 1988. V 2
260 ## - PUBLICATION, DISTRIBUTION, ETC. (IMPRINT)
Place of publication Delhi
Name of publisher Society for plant physiology and biochemistry
Year of publication 1990
650 ## - SUBJECT ADDED ENTRY--TOPICAL TERM
Topical Term Biochemistry
650 ## - SUBJECT ADDED ENTRY--TOPICAL TERM
Topical Term Crop Productivity
650 ## - SUBJECT ADDED ENTRY--TOPICAL TERM
Topical Term Micronutrients
650 ## - SUBJECT ADDED ENTRY--TOPICAL TERM
Topical Term Nutrition
650 ## - SUBJECT ADDED ENTRY--TOPICAL TERM
Topical Term Plant growth regulators
650 ## - SUBJECT ADDED ENTRY--TOPICAL TERM
Topical Term Plant physiology
650 ## - SUBJECT ADDED ENTRY--TOPICAL TERM
Topical Term Post harvest physiology
650 ## - SUBJECT ADDED ENTRY--TOPICAL TERM
Topical Term Salinity stress
650 ## - SUBJECT ADDED ENTRY--TOPICAL TERM
Topical Term Seed physiology
650 ## - SUBJECT ADDED ENTRY--TOPICAL TERM
Topical Term Temperature stress
650 ## - SUBJECT ADDED ENTRY--TOPICAL TERM
Topical Term Water stress
942 ## - ADDED ENTRY ELEMENTS (KOHA)
Koha item type Books
Holdings
Withdrawn status Lost status Damaged status Not for loan Home library Current library Date acquired Full call number Accession Number Koha item type
        RRII Library RRII Library 16/12/2021 581.1:061.3(540)1988 PRO.2;1 20566 Books